| 000 | 01729nam a2200241Ia 4500 | ||
|---|---|---|---|
| 008 | 260220t1999||||xx |||||||||||||| ||spa|| | ||
| 040 |
_aPY-SlUNAC _bspa _erda |
||
| 041 | _aspa | ||
| 082 |
_a658.022 _bD84g |
||
| 100 |
_aDrucker, Peter _eAutor |
||
| 245 | 0 |
_aEl gran poder de las pequeñas ideas / _cpor Peter Drucker [Autor] |
|
| 264 |
_aBuenos Aires : _bSudamericana, _c℗1999. |
||
| 300 | _a1 volumen | ||
| 520 | _aEn "El gran poder de las pequeñas ideas", Peter Drucker explora la importancia de las innovaciones modestas en el ámbito empresarial y social, argumentando que las grandes transformaciones a menudo surgen de pequeñas iniciativas. A través de una serie de ejemplos prácticos y análisis de casos, Drucker sostiene que las pequeñas ideas pueden generar cambios significativos y sostenibles, y que su implementación es más accesible y menos arriesgada que las grandes revoluciones. Además, el autor enfatiza la necesidad de un enfoque sistemático para identificar y desarrollar estas pequeñas ideas, sugiriendo que la creatividad puede ser cultivada en todos los niveles organizativos. Drucker también aborda el papel de la cultura empresarial y la gestión en la promoción de un entorno propicio para la innovación. En última instancia, el libro invita a los líderes y emprendedores a reconocer y valorar el potencial de las pequeñas ideas como motor de progreso y adaptación en un mundo en constante cambio. | ||
| 653 | _aDesarrollo económico | ||
| 653 | _aInnovación | ||
| 653 | _aPequeñas y medianas empresas | ||
| 942 |
_b2026/02/17 _cBK |
||
| 999 |
_c8769 _d8769 |
||